LEADER 01016nam a2200277 i 4500 001 000000237641 003 CaOOAMICUS 005 20150107000000.0 008 150107s1959 it u000 u ita u 013 $a216546 040 $aSeMil$bita 100 1 $aAsnaghi, Adolfo <1917-2007>.$0(OLS)http://semarc/name/29181 245 10$aAli :$bmeditazioni /$cAdolfo Asnaghi. 250 $a2. ed. 260 $aMilano :$bPIME,$c1959. 300 $a93 p. :$bill. ;$c15 cm . 490 0 $aSentieri 500 $aCon dedica autografa dell'Autore. - Fondo card. Giovanni Colombo. 650 4$aMissioni - Spiritualitą.$0(OLS)http://semarc/subject/1730 830 0$aSentieri.$0(OLS)http://semarc/title/11403 850 $aSeMil 852 $aSeMil$W1$xVenegono$y1$m3GC VIII 211/36$j187987$B187987$CSeMilBibl$Z2$F206764 $8B 941 1 $a3 961 $aLascito: Colombo Card. Giovanni 996 $6245$aAli :$bmeditazioni$9(OLS)http://semarc/title/211381 996 $6260$aMilano :$bPIME$9(OLS)http://semarc/publisher/32491 LEADER 01374nam a2200289 i 4500 001 000000107023 003 CaOOAMICUS 005 20040728000000.0 008 040728s1998 it u000 u ita u 013 $a79234 040 $aSeMil$bita 245 10$aGandolfino da Roreto e il Rinascimento nel Piemonte meridionale /$ca cura di Giovanni Romano ; saggi di Simone Baiocco ; Renato Bordone ; Giovanni Donato. 260 $a[Torino] :$bCassa di Risparmio di Torino,$ccopyr. 1998. 300 $a359 p. :$briccamente ill. ;$c30 cm. 490 0 $aArte in Piemonte ;$v12 500 $aContiene : Bibliografia. - In custodia. 650 4$aGandolfino : d'Asti.$0(OLS)http://semarc/subject/18639 700 1 $aDonato, Giovanni.$0(OLS)http://semarc/name/44995 700 1 $aBordone, Renato.$0(OLS)http://semarc/name/15967 700 1 $aBaiocco, Simone.$0(OLS)http://semarc/name/44994 700 1 $aRomano, Giovanni,$c.$0(OLS)http://semarc/name/5202 830 0$aArte in Piemonte ;$v12.$0(OLS)http://semarc/title/14157 850 $aSeMil 852 $aSeMil$W1$xVenegono$y1$m5P VII 2$j63120$B63120$CSeMilBibl$Z2$F85168 $8I 961 $aOmaggio: Altro 996 $6245$aGandolfino da Roreto e il Rinascimento nel Piemonte meridionale$9(OLS)http://semarc/title/155173 996 $6260$a[Torino] :$bCassa di Risparmio di Torino$9(OLS)http://semarc/publisher/32958